| 000 | 00473cam a2200205ua 4500 | ||
|---|---|---|---|
| 001 | 3280 | ||
| 005 | 20260515113646.0 | ||
| 008 | 111014n ii |||gr||||Z||||||asm | ||
| 020 | _a81-7519-022-1 | ||
| 040 | _cMAIN | ||
| 082 | _a891.4513 | ||
| 100 | 1 | _aSaikia, Chandra Prasad, | |
| 245 | 1 | 1 |
_aEdin _cby Chandra Prasad Saikia |
| 250 | _a2nd. | ||
| 260 |
_aGuahati: _bImprint,995. |
||
| 300 |
_a215p: _c23cm. |
||
| 653 | _aAssamese novel | ||
| 653 | _aEdin | ||
| 942 | _cBK | ||
| 999 |
_c3123 _d3123 |
||